Statistics for Biggest World Cities within 500 Km

Click here to take the quiz!

General Stats

  • This quiz has been taken 1,168 times
  • The average score is 157 of 270

Answers on the Map

Answers color-coded by a green-red scale on the quiz's map according to % correct below.
 

Answer Stats

City% Correct
New York
95%
Los Angeles
93%
Lisbon
92%
London
92%
Madrid
92%
Mexico City
92%
Moscow
92%
Beijing
91%
Chicago
91%
Miami
91%
San Francisco
91%
Seattle
91%
Sydney
91%
Tokyo
91%
Toronto
91%
Buenos Aires
90%
Cairo
90%
Saint Petersburg
90%
Santiago
90%
São Paulo
90%
Shanghai
90%
Athens
89%
Barcelona
89%
Bogotá
89%
Brasília
89%
Dallas
89%
Delhi
89%
Istanbul
89%
Lima
89%
Milan
89%
Stockholm
89%
Bangkok
88%
Cape Town
88%
Caracas
88%
Jakarta
88%
Kiev
88%
Melbourne
88%
Mumbai
88%
Naples
88%
Perth
88%
Tunis
88%
Algiers
87%
Atlanta
87%
Baghdad
87%
Budapest
87%
Johannesburg
87%
Panama City
87%
Seoul
87%
Auckland
86%
Denver
86%
Honolulu
86%
Manila
86%
Phoenix
86%
Singapore
86%
Tehran
86%
Casablanca
85%
Dhaka
85%
Dubai
85%
La Paz
85%
Riyadh
85%
Guangzhou
84%
Guatemala City
84%
Lagos
84%
Nairobi
84%
Sana'a
84%
Santo Domingo
84%
Addis Ababa
83%
Anchorage
83%
Kuwait City
83%
Tripoli
83%
Calgary
82%
Dakar
82%
Dar es Salaam
82%
Ho Chi Minh City
82%
Karachi
82%
Minneapolis
82%
New Orleans
82%
Asunción
81%
Brisbane
81%
Hanoi
81%
Khartoum
81%
Kinshasa
81%
Salt Lake City
81%
San José
81%
Baku
80%
Colombo
80%
Ulaanbaatar
80%
Adelaide
79%
Luanda
79%
Mogadishu
79%
Reykjavik
78%
Antananarivo
77%
Georgetown
75%
Manaus
75%
Bangalore
74%
Durban
74%
Jeddah
74%
Monterrey
74%
Port Moresby
74%
Recife
74%
Sapporo
74%
Tashkent
74%
Windhoek
74%
Bamako
73%
Lusaka
73%
Xi'an
73%
Abidjan
72%
Kampala
72%
Male
72%
Nuuk
72%
Yangon
72%
Yaoundé
72%
Hyderabad
71%
N'Djamena
71%
Conakry
70%
Salvador
70%
Chengdu
69%
Fortaleza
69%
Halifax
69%
Ürümqi
69%
Victoria
69%
Wuhan
69%
Belém
68%
Juba
68%
Ouagadougou
68%
Winnipeg
68%
Almaty
67%
Bangui
67%
Darwin
67%
Guayaquil
67%
Harbin
67%
Hobart
66%
Lilongwe
66%
Suva
66%
Kano
65%
Murmansk
65%
Novosibirsk
65%
Port Elizabeth
65%
Port Louis
65%
Surabaya
65%
Apia
64%
Praia
64%
Volgograd
64%
Xiamen
64%
Yekaterinburg
64%
Córdoba
63%
Porto Alegre
63%
Juneau
61%
Omsk
61%
Benghazi
60%
Santa Cruz
60%
Cebu
59%
Maracaibo
59%
Honiara
57%
Alice Springs
56%
Saint John's
56%
Mashhad
55%
Port Vila
55%
Mérida
54%
Funafuti
53%
Majuro
53%
Irkutsk
52%
Las Palmas de Gran Canaria
51%
Samara
51%
Ciudad Juárez
50%
Kunming
50%
Nuku'alofa
50%
Shenyang
50%
Tarawa
50%
Yakutsk
49%
Billings
46%
Krasnoyarsk
46%
Naha
46%
Arkhangel'sk
45%
Makassar
45%
Barrow
43%
Stanley
43%
Yellowknife
43%
Petropavlovsk-Kamchatsky
41%
Tromso
40%
Punta Arenas
39%
Townsville
39%
Antofagasta
38%
Lanzhou
37%
Longyearbyen
36%
Edinburgh of the Seven Seas
35%
Mbuji-Mayi
35%
Noumea
35%
Iqaluit
34%
Iquitos
34%
Saint George's
34%
Adamstown
33%
Jayapura
33%
Noril'sk
32%
San Miguel de Tucuman
32%
Anadyr
31%
Faaa
31%
Jamestown
31%
Kisangani
31%
Magadan
31%
Saipan
31%
Boa Vista
30%
Hanga Roa
30%
McMurdo Station
30%
Campo Grande
29%
Avarua
28%
Grytviken
28%
Kingston
28%
Ponta Delgada
28%
Port-aux-Francais
28%
Porto Velho
28%
Dutch Harbor
27%
Koror State
27%
Palmas
27%
Port Blair
27%
Port Hedland
27%
Salalah
27%
Ciudad Guayana
26%
Comodoro Rivadavia
26%
Cuiaba
26%
Kuching
26%
Puerto Ayora
26%
West Island
26%
Ambon
25%
Rankin Inlet
24%
Weno
24%
Balikpapan
23%
Bethel
23%
Inuvik
23%
Kalgoorlie
23%
Kota Kinabalu
23%
Mount Isa
23%
Nukus
23%
Al Jawf
22%
Atuona
22%
Rikitea
22%
Manado
21%
Tabwakea Village
21%
Tamanrasset
21%
Thompson
21%
Waitangi
21%
Karagandy
20%
Kolonia
20%
Kupang
20%
Mbeya
20%
Olonkinbyen
20%
Surgut
20%
Vorkuta
20%
Port Mathurin
19%
Sabha
19%
Tiksi
19%
Khatanga
18%
Mirny
18%
Rundu
18%
Tasiilaq
18%
Arawa
17%
Gjoa Haven
17%
Tofol
17%
Batagay
16%
Hovd
16%
Kugluktuk
16%
Moerai
16%
Nhulunbuy
16%
Ust-Nera
16%
Arijejen
15%
Atafu Village
15%
Bilibino
15%
Neryungri
15%
Tura
15%

Score Distribution

Percentile by Number Answered

Percent of People with Each Score

Your Score History

You have not taken this quiz